Основания и фундаменты при сложных силовых воздействиях (опыты): в 3-х т. Т. 3 монография Т. 3 Основания и фундаменты при сложных силовых воздействиях (опыты): в 3-х т. Т. 3
Приведены результаты экспериментальных исследований, касающиеся вопросов прочности и деформативности грунтовых оснований, взаимодействия фундаментов с основаниями, установления функциональных зависимостей между влияющими параметрами. Рассмотрены буронабивные фундаменты, штампы круглой, квадратной и...
Zapisane w:
| 1. autor: | |
|---|---|
| Format: | Книга |
| Język: | Russian |
| Wydane: |
Тамбов
ТГТУ
2021
|
| Dostęp online: | https://e.lanbook.com/book/320357 https://e.lanbook.com/img/cover/book/320357.jpg |
| Etykiety: |
Dodaj etykietę
Nie ma etykietki, Dołącz pierwszą etykiete!
|
| LEADER | 02142nam0a2200277 i 4500 | ||
|---|---|---|---|
| 001 | 320357 | ||
| 003 | RuSpLAN | ||
| 005 | 20240216150941.0 | ||
| 008 | 240216s2021 ru gs 000 0 rus | ||
| 020 | |a 978-5-8265-2297-4 | ||
| 040 | |a RuSpLAN | ||
| 041 | 0 | |a rus | |
| 044 | |a ru | ||
| 080 | |a 624.151 | ||
| 084 | |a Н58-02 |2 rubbk | ||
| 245 | 1 | |a Основания и фундаменты при сложных силовых воздействиях (опыты): в 3-х т. Т. 3 |b монография |c Леденёв В. В. |n Т. 3 |p Основания и фундаменты при сложных силовых воздействиях (опыты): в 3-х т. Т. 3 | |
| 260 | |a Тамбов |b ТГТУ |c 2021 | ||
| 300 | |a 404 с. | ||
| 504 | |a Библиогр.: доступна в карточке книги, на сайте ЭБС Лань | ||
| 520 | 8 | |a Приведены результаты экспериментальных исследований, касающиеся вопросов прочности и деформативности грунтовых оснований, взаимодействия фундаментов с основаниями, установления функциональных зависимостей между влияющими параметрами. Рассмотрены буронабивные фундаменты, штампы круглой, квадратной и прямоугольной формы при действии осевой и внецентренной, горизонтальной, наклонной центральной и внецентренной сил. Предназначено для научных работников, аспирантов и магистрантов строительного профиля. | |
| 521 | 8 | |a Книга из коллекции ТГТУ - Инженерно-технические науки | |
| 521 | 8 | |a СЭБ | |
| 100 | 1 | |a Леденёв В. В. | |
| 856 | 4 | |u https://e.lanbook.com/book/320357 | |
| 856 | 4 | 8 | |u https://e.lanbook.com/img/cover/book/320357.jpg |
| 953 | |a https://e.lanbook.com/img/cover/book/320357.jpg | ||